Statistics for Premier League Hat-Tricks 2020

Click here to take the quiz!

General Stats

  • This quiz has been taken 23 times
  • The average score is 6 of 11

Answer Stats

Date of Hat-TrickHintAnswer% Correct
12th January 2020Holder of the most hat-tricks in Premier League historySergio Agüero
95%
20th September 2020Became only the third Asian-born footballer to score a hat-trick in the Premier LeagueSon Heung-min
79%
19th September 2020Started the 20/21 season in hot form, scoring another hat-trick just 11 days later in the EFL CupDominic Calvert-Lewin
63%
12th September 2020Scored this hat-trick in his fourth season for his club, scoring 73 goals in 108 appearances in his previous three seasonsMohamed Salah
58%
11th July 2020One of short list of foreign-born English players to have over 10 goals for EnglandRaheem Sterling
58%
27th September 2020Playing his ninth consecutive season with his clubJamie Vardy
42%
4th October 2020Scored this hat-trick in his debut season in the Premier LeagueOllie Watkins
42%
11th July 2020Not only scored a hat-trick on this day, but also joined some elite players to have scored four goals in a single gameMichail Antonio
37%
28th November 2020A two-time Premier League champion with two different clubsRiyad Mahrez
37%
24th June 2020Despite playing 25 times for his country as a forward, he has only one international goal to his nameAnthony Martial
32%
23rd October 2020Only ever scored four Premier League goals before his hat-trickPatrick Bamford
26%

Score Distribution

Percentile by Number Answered

Percent of People with Each Score

Your Score History

You have not taken this quiz